000 00536cab a2200181 4500
001 X1720
008 090401t1994 xxu||||| |||| 00| 0 eng d
035 _a(Sirsi) u18886
041 _aeng
245 _aTrustrees reject allegation of impropriety
260 _c1994
350 _a0
490 _aCSM (Chartered Surveyor Monthly)
_v3(11) September 1994, 4(1)
650 _aABOUT RICS-RELATED ORGANISATIONS-RICS BENEVOLENT FUND
690 _aMANAGEMENT-BUSINESS MANAGEMENT-PROFESSIONAL PRACTICE
942 _n0
948 _c04/03/1997
999 _c12562
_d12562